000 00583nam a2200229Ia 4500
003 OSt
005 20220928141101.0
006 a|||||r|||| 00| 0
007 ta
008 220927b |||||||| |||| 00| 0 eng d
024 _a13592
037 _cTextual
040 _aSDCL
_cSDCL
_beng
041 _2eng
_aeng
082 _aX:8:(D6,8(B)), N9
100 _aPanko Raymond R
_9499035
245 0 _aBusiness data communictions and networking
250 _a2
260 _c1999
942 _hX:8:(D6,8(B)), N9
_cTEXL
_2CC
999 _c816001
_d816001